000 00250nam a2200097Ia 4500
001 1250303
005 20251031150853.0
008 251031s9999 xx 000 0 und d
245 0 _cH. NİHAL ATSIZ
_aC-1 EVLİYA ÇELEBİ
260 _bÖTÜKEN YAYINLARI
999 _c1250303
_d1250303